Príspevok k tvorbe stratégie kvality v stavebníctve

Podrobná bibliografia
Hlavný autor: Ďurica, Tibor (Autor)
Médium: Článok
Jazyk:slovenčina
Fyzický popis:Lit. 3 zázn. v nem., slov.
ISBN:8023302736
Predmet:

MARC

LEADER 00000nab a2200000 a 4500
001 vtls000508588
003 SK-MaSNL
005 20260305030037.0
008 120927c1993 xo 0 slo
015 |a SNBRA19rr/mm-uuuuu 
035 |a CL0508726 
040 |a SNKBUCL  |b slo  |c SNKBUCL  |e AACR2 
041 0 |a slo 
044 |a xo  |c SK 
080 |a 69:658.56  |2 1981 
080 |a 658.56  |2 1981 
100 1 |a Ďurica, Tibor  |4 aut  |9 274174 
245 1 0 |a Príspevok k tvorbe stratégie kvality v stavebníctve  |c Tibor Ďurica 
300 |b Lit. 3 zázn. v nem., slov. 
650 0 7 |a stavebníctvo  |2 snkbucl  |9 726 
650 0 7 |a stavebné práce  |2 snkbucl  |9 68050 
650 0 7 |a kvalita práce  |2 snkbucl  |9 417592 
655 7 |a články zo zborníkov  |2 snkbucl  |9 166140 
773 0 |t Quality '93  |d Bratislava : Dom techniky ZSVTS, 1993  |g S. 198-202  |z 8023302736 
850 |a Slovenská národná knižnica v Martine  |a MTA001 
852 |a SNK  |b KIS3GCP 
958 |a RK 
992 |a RZB 
999 |c 3308942  |d 3310872